|
|
|
|
| LEADER |
01099nam a2200289 a 4500 |
| 001 |
15926 |
| 003 |
BD-DhAAL |
| 008 |
090517s2001 enk 001 0 eng d |
| 999 |
|
|
|c 769
|d 769
|
| 020 |
|
|
|a 0761968644
|
| 020 |
|
|
|a 0761968652 (pbk.)
|
| 040 |
|
|
|a UKM
|c UKM
|d TMS
|d ORE
|d BD-DhAAL
|
| 082 |
|
|
|a 301.0723
|2 21
|
| 100 |
1 |
|
|a Silverman, David.
|9 39998
|
| 245 |
1 |
0 |
|a Interpreting qualitative data :
|b methods for analysing talk, text and interaction /
|c David Silverman.
|
| 250 |
|
|
|a Second edition
|
| 260 |
|
|
|a London ;
|a Thousand Oaks :
|b SAGE,
|c 2001.
|
| 300 |
|
|
|a xiii, 325 pages ;
|c 25 cm.
|
| 500 |
|
|
|a Previous ed.: 1993.
|
| 504 |
|
|
|a Includes bibliographical references and index.
|
| 541 |
1 |
|
|e 00015926
|
| 650 |
|
0 |
|a Sociology
|x Research.
|9 39999
|
| 650 |
|
0 |
|a Qualitative research.
|9 40000
|
| 650 |
|
0 |
|a Social sciences
|x Research
|x Methodology.
|9 40001
|
| 852 |
4 |
|
|a Ayesha Abed Library
|j General Stacks
|
| 942 |
|
|
|2 ddc
|c BK
|
| 952 |
|
|
|0 0
|1 0
|2 ddc
|4 0
|6 301_072000000000000_SIL_2001
|7 0
|8 NFIC
|9 708
|a BRACUL
|b BRACUL
|c GEN
|d 2009-05-17
|l 6
|m 14
|o 301.072 SIL
|p 3010015926
|r 2021-06-23
|s 2020-02-26
|t 1
|w 2009-05-17
|y BK
|